Minecraft Mob Word Scramble - Statistics

General Stats
  • This quiz has been taken 289 times
  • The average score is 12 of 20
Answer Stats
Mob % Correct
Husk
91%
Bat
89%
Cod
89%
Vex
89%
Cow
88%
Zombie
88%
Fox
87%
Mule
87%
Pig
87%
Cat
85%
Wolf
84%
Bee
83%
Blaze
83%
Sheep
82%
Squid
82%
Goat
81%
Llama
79%
Panda
79%
Zoglin
77%
Witch
76%
Axolotl
75%
Allay
73%
Frog
73%
Horse
71%
Mooshroom
70%
Chicken
69%
Ocelot
69%
Piglin
69%
Turtle
68%
Creeper
66%
Ghast
66%
Villager
65%
Stray
63%
Dolphin
61%
Slime
61%
Wither
61%
Evoker
59%
Silverfish
59%
Hoglin
58%
Ravager
58%
Salmon
55%
Rabbit
54%
Pufferfish
53%
Spider
51%
Donkey
50%
Enderman
50%
Strider
50%
Drowned
49%
Phantom
49%
Warden
49%
Camel
47%
Zombie Piglin
46%
Ender Dragon
45%
Tadpole
45%
Endermite
44%
Shulker
44%
Iron Golem
43%
Parrot
43%
Vindicator
43%
Glow Squid
42%
Skeleton
39%
Magma Cube
36%
Snow Golem
34%
Polar Bear
31%
Guardian
29%
Pillager
29%
Elder Guardian
28%
Piglin Brute
18%
Tropical Fish
13%
Cave Spider
11%
Wandering Trader
11%
No matching quizzes found
Score Distribution
Percent of People with Each Score
Percentile by Number Answered
Your Score History
You have not taken this quiz